The noble scholar, jurist, historian


 His Excellency Dr. Abdul Wahhab bin Ibrahim Abu Sulaiman, may Allah have mercy on him.


 He was born in Umm Al-Qura in the year 1356 AH.

مكانة الصحيحين / (Record no. 3826)

MARC details
000 -LEADER
fixed length control field 01749cam a22003251i 4500
003 - CONTROL NUMBER IDENTIFIER
control field SA-RiAUC
005 - DATE AND TIME OF LATEST TRANSACTION
control field 20241223082717.0
008 - FIXED-LENGTH DATA ELEMENTS--GENERAL INFORMATION
fixed length control field 241221s1982 ua g b 00000 ara c
040 ## - CATALOGING SOURCE
Original cataloging agency SA-JeALM
Language of cataloging ara
Transcribing agency SA-RiAUC
Description conventions rda
050 #4 - LIBRARY OF CONGRESS CALL NUMBER
Item number A99 1982
082 04 - DEWEY DECIMAL CLASSIFICATION NUMBER
Classification number 235
Assigning agency SA-RiAUC
090 ## - LOCALLY ASSIGNED LC-TYPE CALL NUMBER (OCLC); LOCAL CALL NUMBER (RLIN)
Classification number (OCLC) (R) ; Classification number, CALL (RLIN) (NR) 235
Local cutter number (OCLC) ; Book number/undivided call number, CALL (RLIN) ع ز ا
100 1# - MAIN ENTRY--PERSONAL NAME
Personal name العزامي، خليل إبراهيم ملا خاطر،
Dates associated with a name 1357 هجري-
Relator term مؤلف.
245 10 - TITLE STATEMENT
Title مكانة الصحيحين /
Statement of responsibility, etc. تأليف خليل إبراهيم ملا خاطر.
250 ## - EDITION STATEMENT
Edition statement الطبعة الأولى.
264 #3 - PRODUCTION, PUBLICATION, DISTRIBUTION, MANUFACTURE, AND COPYRIGHT NOTICE
Place of production, publication, distribution, manufacture القاهرة :
Name of producer, publisher, distributor, manufacturer المطبعة العربية الحديثة
Date of production, publication, distribution, manufacture, or copyright notice 1982
300 ## - PHYSICAL DESCRIPTION
Extent 544 صفحة ؛
Dimensions 24 سم
336 ## - CONTENT TYPE
Content type term نص
Content type code txt
Source rdacontent
Materials specified كتاب
337 ## - MEDIA TYPE
Media type term بدون وسيط
Media type code n
Source rdamedia
338 ## - CARRIER TYPE
Carrier type term مجلد
Carrier type code nc
Source rdacarrier
504 ## - BIBLIOGRAPHY, ETC. NOTE
Bibliography, etc. note يشتمل على إرجاعات ببليوجرافية.
650 #7 - SUBJECT ADDED ENTRY--TOPICAL TERM
Topical term or geographic name entry element الحديث
General subdivision الإسناد الصحيح
Source of heading or term aucsh
650 #7 - SUBJECT ADDED ENTRY--TOPICAL TERM
Topical term or geographic name entry element الحديث
General subdivision صحيح البخاري
Source of heading or term aucsh
650 #7 - SUBJECT ADDED ENTRY--TOPICAL TERM
Topical term or geographic name entry element الحديث
General subdivision صحيح مسلم
Source of heading or term aucsh
650 #7 - SUBJECT ADDED ENTRY--TOPICAL TERM
Topical term or geographic name entry element الحديث
General subdivision الكتب الستة
Source of heading or term aucsh
700 12 - ADDED ENTRY--PERSONAL NAME
Relationship information شرح لـ (عمل) :
Personal name البخاري، محمد بن إسماعيل بن إبراهيم،
Dates associated with a name 194-256 هجري.
Title of a work الجامع الصحيح المسند المختصر من حديث رسول الله صلى الله عليه وسلم وسننه وأيامه
700 12 - ADDED ENTRY--PERSONAL NAME
Relationship information شرح لـ (عمل) :
Personal name الإمام مسلم، مسلم بن الحجاج بن مسلم،
Dates associated with a name 204-261 هجري.
Title of a work المسند الصحيح المختصر من السنن بنقل العدل عن العدل عن رسول الله صلى الله عليه وسلم
942 ## - ADDED ENTRY ELEMENTS (KOHA)
Source of classification or shelving scheme Dewey Decimal Classification
Koha item type Books
Suppress in OPAC No
949 ## - LOCAL PROCESSING INFORMATION (OCLC)
a SA-JeALM
d 241221
u mohamedma123
n 1
Holdings
Withdrawn status Lost status Source of classification or shelving scheme Damaged status Not for loan Home library Current library Date acquired Total checkouts Full call number Barcode Date last seen Price effective from Koha item type
    Dewey Decimal Classification     DR AbdElwahab Library DR AbdElwahab Library 12/23/2024   235 ع ز ا 000006139 12/23/2024 12/23/2024 Books